Countries with embassies and consulates in Latvia - Statistics

General Stats
  • This quiz has been taken 79 times
  • The average score is 30 of 33
Answer Stats
Continent Country % Correct
Asia/ Europe Russia
100%
North America United States of America
100%
North America Canada
99%
Asia China
99%
Europe Sweden
99%
Europe United Kingdom
99%
Europe Estonia
97%
Europe Ukraine
97%
Europe Germany
96%
Europe Italy
96%
Europe Lithuania
96%
Europe Poland
96%
Europe Belarus
94%
Europe Denmark
94%
Europe Ireland
94%
Europe Norway
94%
Europe Spain
94%
Asia/ Europe Turkey
94%
Europe Austria
93%
Asia Japan
93%
Europe Greece
91%
Europe Czech Republic
90%
Europe France
90%
Europe Slovakia
87%
Europe the Netherlands
87%
Europe Switzerland
84%
Europe Hungary
81%
Asia Georgia
76%
Europe Moldova
76%
Asia Azerbaijan
75%
Asia Israel
75%
Asia Kazakhstan
73%
Asia Uzbekistan
72%
No matching quizzes found
Score Distribution
Percent of People with Each Score
Percentile by Number Answered
Your Score History
You have not taken this quiz